¡Casi medio año! /
Espero que este diario me dure, ya antes había hecho otros, pero solo escribía uno o dos días y luego se me olvidaba o me aburría. y es muy conveniente tener diario, porque así me acuerdo después de las cosas que me pasan y si, por ejemplo, Mamé me dice alguna vez: "Tal día no arreglaste tu cua...
Guardado en:
| Autor Principal: | |
|---|---|
| Formato: | Libro |
| Idioma: | Undetermined |
| Publicado: |
Madrid :
SM,
2005.
|
| Series: | El barco de vapor. Naranja ;
108 |
| Materias: | |
| Etiquetas: |
Agregar Etiqueta
Sin Etiquetas, Sea el primero en etiquetar este registro!
|
| LEADER | 00944nam a22002175a 4500 | ||
|---|---|---|---|
| 001 | CEM.cems019738 | ||
| 008 | 221017s2005####sp############000#0#und#d | ||
| 005 | 20221107085155.0 | ||
| 245 | 1 | 0 | |a ¡Casi medio año! / |c M.B. Brozon. |
| 260 | |a Madrid : |b SM, |c 2005. | ||
| 300 | |a 125 p. ; |c 20 cm. | ||
| 490 | 1 | |a El barco de vapor. Naranja ; |v 108 | |
| 500 | |a Premio El barco de vapor 1996 - México. | ||
| 520 | |a Espero que este diario me dure, ya antes había hecho otros, pero solo escribía uno o dos días y luego se me olvidaba o me aburría. y es muy conveniente tener diario, porque así me acuerdo después de las cosas que me pasan y si, por ejemplo, Mamé me dice alguna vez: "Tal día no arreglaste tu cuarto!" | ||
| 020 | |a 8434856859 | ||
| 100 | 1 | |a Brozon, M.B. | |
| 082 | 0 | 4 | |a M863.4 |
| 653 | |a Literatura Infantil | ||
| 653 | |a Literatura Juvenil | ||
| 653 | |a Novela | ||
| 859 | |a CEMS |b BIB. CEMS - Inicial y Primaria |h M863.4 |i B829 |k IP |p 1737 |t Ej.1 | ||
